[Event "HUN-chT2 Breyer 1819"]
[Site "Hungary"]
[Date "2019.03.31"]
[Round "8.6"]
[White "Szabo, Lorinc"]
[Black "Draga, Balazs"]
[Result "1-0"]
[WhiteElo "1979"]
[BlackElo "1941"]
[PlyCount "45"]
[EventDate "2018.10.28"]
[EventType "team-tourn"]
[EventRounds "9"]
[EventCountry "HUN"]
[SourceTitle "EXT 2021"]
[Source "ChessBase"]
[SourceDate "2020.10.23"]
[SourceVersion "1"]
[SourceVersionDate "2020.10.23"]
[SourceQuality "1"]
[WhiteTeam "Szekesfehervar"]
[BlackTeam "Nyergesujfalu"]
[WhiteTeamCountry "HUN"]
[BlackTeamCountry "HUN"]

1. e4 d6 2. d4 Nf6 3. Nc3 g6 4. Bg5 c6 5. Qd2 Bg7 6. 0-0-0 0-0 7. f3 b5 8. h4 h5 9. Bh6 Nbd7 10. Bxg7 Kxg7 11. e5 Ne8 12. g4 Rh8 13. Ne4 e6 14. Qf4 Qa5 15. Ng5 Rf8 16. gxh5 dxe5 17. dxe5 b4 18. h6+ Kxh6 19. Nxe6+ Kh7 20. Nxf8+ Nxf8 21. Qxf7+ Kh6 22. Qxf8+ Ng7 23. Qh8# 1-0

[Event "HUN-chT2 Breyer 1415"]
[Site "Hungary"]
[Date "2014.11.16"]
[Round "5.6"]
[White "Halak, Miklos"]
[Black "Draga, Balazs"]
[Result "1-0"]
[WhiteElo "2224"]
[BlackElo "1954"]
[PlyCount "95"]
[EventDate "2014.09.07"]
[EventType "team-tourn"]
[EventRounds "11"]
[EventCountry "HUN"]
[SourceTitle "EXT 2016"]
[Source "ChessBase"]
[SourceDate "2015.10.08"]
[SourceVersion "1"]
[SourceVersionDate "2015.10.08"]
[SourceQuality "1"]
[WhiteTeam "Hobagoly"]
[BlackTeam "Nyergesujfalu"]
[WhiteTeamCountry "HUN"]
[BlackTeamCountry "HUN"]

1. e4 e6 2. d4 d5 3. Nc3 Nf6 4. Bg5 dxe4 5. Nxe4 Be7 6. Ng3 c5 7. Nf3 Nc6 8. dxc5 Qa5+ 9. c3 Qxc5 10. Be3 Qa5 11. Bd3 Ng4 12. Bd2 Qb6 13. 0-0 0-0 14. Qc2 g6 15. Rae1 Bf6 16. Bf4 Bg7 17. Qe2 Nf6 18. h4 h5 19. Ng5 Ne7 20. c4 Bd7 21. b4 Qd4 22. N3e4 Nf5 23. Nf3 Qb6 24. b5 Nd4 25. Nxd4 Qxd4 26. Rd1 Rfd8 27. Bg5 Nxe4 28. Bxe4 Qb6 29. Bxd8 Rxd8 30. Qe3 Qa5 31. Bxb7 Bf6 32. Qf4 Be7 33. Rd3 Qb6 34. Bf3 Bc8 35. Rfd1 Rxd3 36. Rxd3 Kg7 37. Qd4+ Qxd4 38. Rxd4 e5 39. Rd3 f5 40. Bd5 Kf6 41. Rb3 Bc5 42. a4 Bb6 43. a5 Bxa5 44. c5 Bc7 45. b6 axb6 46. cxb6 Bb8 47. b7 Bd7 48. Ra3 1-0

[Event "Budapest-chT1 Lilienthal 1213"]
[Site "Budapest"]
[Date "2013.03.10"]
[Round "9"]
[White "Zoltan, Andras"]
[Black "Draga, Balazs"]
[Result "1/2-1/2"]
[WhiteElo "1943"]
[BlackElo "1930"]
[PlyCount "78"]
[EventDate "2012.09.30"]
[EventType "team-tourn"]
[EventRounds "11"]
[EventCountry "HUN"]
[SourceTitle "EXT 2019"]
[Source "ChessBase"]
[SourceDate "2018.10.10"]
[SourceVersion "1"]
[SourceVersionDate "2018.10.10"]
[SourceQuality "1"]
[WhiteTeam "Budapest Honved"]
[BlackTeam "Budapest SENSE"]
[WhiteTeamCountry "HUN"]
[BlackTeamCountry "HUN"]

1. e4 e6 2. d3 d5 3. Nd2 Nf6 4. Ngf3 Be7 5. g3 b6 6. Bg2 Bb7 7. e5 Nfd7 8. 0-0 0-0 9. Re1 c5 10. Nf1 Nc6 11. h4 h6 12. h5 b5 13. N1h2 Rc8 14. Ng4 Kh7 15. Bf4 Nd4 16. c3 Nxf3+ 17. Bxf3 Bg5 18. Qd2 Bc6 19. Bxg5 Qxg5 20. Qxg5 hxg5 21. Kg2 d4 22. Nh2 Nb6 23. Bxc6 Rxc6 24. cxd4 cxd4 25. Nf3 Rc2 26. b3 Rc3 27. Nxd4 a6 28. Rad1 Rd8 29. Re4 Rd5 30. Nf3 Rdxd3 31. Nxg5+ Kg8 32. Rd4 Rxd1 33. Rxd1 Nd5 34. Rd2 Kf8 35. Ne4 Rc1 36. Kf3 Ke7 37. g4 Rc8 38. Kg3 Rc1 39. Kf3 Rc8 1/2-1/2

[Event "HUN-chT2 Breyer 1213"]
[Site "Hungary"]
[Date "2012.11.04"]
[Round "3.6"]
[White "Draga, Balazs"]
[Black "Szunyogh, Istvan"]
[Result "1-0"]
[WhiteElo "1930"]
[BlackElo "1924"]
[PlyCount "41"]
[EventDate "2012.09.16"]
[EventType "team-tourn"]
[EventRounds "11"]
[EventCountry "HUN"]
[SourceTitle "EXT 2014"]
[Source "ChessBase"]
[SourceDate "2013.11.20"]
[SourceVersion "1"]
[SourceVersionDate "2013.11.20"]
[SourceQuality "1"]
[WhiteTeam "Zoltek"]
[BlackTeam "MAV Elore"]
[WhiteTeamCountry "HUN"]
[BlackTeamCountry "HUN"]

1. e4 e6 2. b3 d5 3. Bb2 Nf6 4. e5 Nfd7 5. f4 c5 6. Nf3 Nc6 7. Be2 Qb6 8. 0-0 a5 9. Nc3 c4+ 10. Kh1 a4 11. bxc4 Qxb2 12. Rb1 Qa3 13. Nb5 Qc5 14. Nc7+ Kd8 15. Nxa8 Qa7 16. Ng5 Ke7 17. cxd5 exd5 18. Nc7 d4 19. Bc4 Nd8 20. e6 Nb6 21. Rxb6 1-0

[Event "HUN-chT2 Breyer 1213"]
[Site "Hungary"]
[Date "2012.09.16"]
[Round "1.6"]
[White "Draga, Balazs"]
[Black "Adam, Gyorgy"]
[Result "1/2-1/2"]
[WhiteElo "1930"]
[BlackElo "2047"]
[PlyCount "25"]
[EventDate "2012.09.16"]
[EventType "team-tourn"]
[EventRounds "11"]
[EventCountry "HUN"]
[SourceTitle "EXT 2014"]
[Source "ChessBase"]
[SourceDate "2013.11.20"]
[SourceVersion "1"]
[SourceVersionDate "2013.11.20"]
[SourceQuality "1"]
[WhiteTeam "Zoltek"]
[BlackTeam "Torokbalint"]
[WhiteTeamCountry "HUN"]
[BlackTeamCountry "HUN"]

1. b3 e5 2. c4 g6 3. Bb2 Bg7 4. g3 d5 5. cxd5 Qxd5 6. Nf3 c6 7. Bg2 Qa5 8. 0-0 Ne7 9. Na3 Nd7 10. Nc4 Qc7 11. d4 exd4 12. Bxd4 0-0 13. Bxg7 1/2-1/2

[Event "HUN-chT2 Breyer 1112"]
[Site "Hungary"]
[Date "2012.05.06"]
[Round "10.9"]
[White "Draga, Balazs"]
[Black "Papp, Jozsef"]
[Result "1-0"]
[WhiteElo "1905"]
[BlackElo "2052"]
[PlyCount "61"]
[EventDate "2011.09.25"]
[EventType "team-tourn"]
[EventRounds "11"]
[EventCountry "HUN"]
[SourceTitle "EXT 2013"]
[Source "ChessBase"]
[SourceDate "2012.11.22"]
[SourceVersion "1"]
[SourceVersionDate "2012.11.22"]
[SourceQuality "1"]
[WhiteTeam "Zoltek"]
[BlackTeam "Turul"]
[WhiteTeamCountry "HUN"]
[BlackTeamCountry "HUN"]

1. c4 c5 2. g3 g6 3. Bg2 Bg7 4. e3 Qb6 5. Nc3 Nc6 6. Nge2 e6 7. 0-0 a6 8. Rb1 d6 9. a3 Nge7 10. Ne4 Qc7 11. b4 f5 12. Ng5 h6 13. Nf3 0-0 14. d4 cxd4 15. exd4 d5 16. c5 Na7 17. Re1 Bd7 18. Bf4 Qc6 19. Bd6 Rfe8 20. Nf4 Nac8 21. Be5 Kh7 22. Bxg7 Kxg7 23. Ne5 Qa4 24. Nxe6+ Kf6 25. Nc7 Na7 26. Nxa8 Rxa8 27. Qe2 Re8 28. Bxd5 Bb5 29. Nd7+ Bxd7 30. Qe5+ Kg5 31. h4+ 1-0

[Event "Budapest-chT1 Lilienthal 1112"]
[Site "Budapest"]
[Date "2012.02.05"]
[Round "7"]
[White "Kapas, Robert"]
[Black "Draga, Balazs"]
[Result "0-1"]
[WhiteElo "1946"]
[BlackElo "1924"]
[PlyCount "58"]
[EventDate "2011.10.02"]
[EventType "team-tourn"]
[EventRounds "11"]
[EventCountry "HUN"]
[SourceTitle "EXT 2020"]
[Source "ChessBase"]
[SourceDate "2019.10.17"]
[SourceVersion "1"]
[SourceVersionDate "2019.10.17"]
[SourceQuality "1"]
[WhiteTeam "Budapest EAC III"]
[BlackTeam "Hid Unio"]
[WhiteTeamCountry "HUN"]
[BlackTeamCountry "HUN"]

1. d4 d5 2. Nf3 Nf6 3. c4 c6 4. Nc3 e6 5. e3 Nbd7 6. Be2 dxc4 7. Bxc4 b5 8. Bd3 a6 9. 0-0 Bb7 10. Nd2 c5 11. b3 cxd4 12. exd4 Nb6 13. Nde4 Be7 14. Nc5 Bc6 15. N3e4 0-0 16. Qe2 Nbd5 17. Nxf6+ Bxf6 18. Nxe6 fxe6 19. Qxe6+ Kh8 20. Qh3 g6 21. Bxg6 Ra7 22. Bh6 Rg8 23. Rac1 Ne7 24. Rxc6 Nxc6 25. Be4 Nxd4 26. Be3 Qd7 27. Qh6 Qg7 28. Qh5 Qg4 29. Qd5 Rd7 0-1

[Event "HUN-chT2 Breyer 1011"]
[Site "Hungary"]
[Date "2011.04.17"]
[Round "9.8"]
[White "Nadasi, Balazs"]
[Black "Draga, Balazs"]
[Result "1/2-1/2"]
[WhiteElo "2101"]
[BlackElo "1877"]
[PlyCount "83"]
[EventDate "2010.09.12"]
[EventType "team-tourn"]
[EventRounds "11"]
[EventCountry "HUN"]
[SourceTitle "EXT 2012"]
[Source "ChessBase"]
[SourceDate "2011.11.24"]
[SourceVersion "1"]
[SourceVersionDate "2011.11.24"]
[SourceQuality "1"]
[WhiteTeam "Sarkany"]
[BlackTeam "Zoltek"]
[WhiteTeamCountry "HUN"]
[BlackTeamCountry "HUN"]

1. e4 e6 2. d4 d5 3. Nc3 Nf6 4. e5 Nfd7 5. f4 c5 6. Nf3 Nc6 7. Be3 cxd4 8. Nxd4 Bc5 9. Qd2 Nxd4 10. Bxd4 Bxd4 11. Qxd4 a6 12. 0-0-0 b5 13. Bd3 Qb6 14. Qxb6 Nxb6 15. Rhf1 g6 16. g4 h5 17. f5 g5 18. h3 hxg4 19. hxg4 Bd7 20. Rh1 0-0-0 21. f6 Bc6 22. Rh5 Nd7 23. Rdh1 Rxh5 24. Rxh5 Nxe5 25. Rxg5 Nd7 26. Rg7 Rf8 27. g5 Nc5 28. Bh7 d4 29. Ne2 e5 30. Rg8 Ne6 31. Rg7 Be4 32. Bxe4 Nxg7 33. fxg7 Rg8 34. g6 fxg6 35. Bxg6 Rxg7 36. Be4 Kc7 37. c3 dxc3 38. Nxc3 Kb6 39. Kd2 Kc5 40. Ke3 b4 41. Ne2 a5 42. Bf3 1/2-1/2

[Event "HUN-chT2 Breyer 1011"]
[Site "Hungary"]
[Date "2011.03.27"]
[Round "7.9"]
[White "Draga, Balazs"]
[Black "Horvath, Sandor2222"]
[Result "1-0"]
[WhiteElo "1877"]
[BlackElo "1990"]
[PlyCount "77"]
[EventDate "2010.09.12"]
[EventType "team-tourn"]
[EventRounds "11"]
[EventCountry "HUN"]
[SourceTitle "EXT 2012"]
[Source "ChessBase"]
[SourceDate "2011.11.24"]
[SourceVersion "1"]
[SourceVersionDate "2011.11.24"]
[SourceQuality "1"]
[WhiteTeam "Zoltek"]
[BlackTeam "Szazhalombatta"]
[WhiteTeamCountry "HUN"]
[BlackTeamCountry "HUN"]

1. c4 Nf6 2. Nc3 c5 3. g3 Nc6 4. Bg2 g6 5. Nf3 Bg7 6. 0-0 0-0 7. e3 Rb8 8. d4 b6 9. b3 a6 10. a4 d6 11. Bb2 Bg4 12. h3 Bd7 13. d5 Nb4 14. Ne1 Ne8 15. Qc1 Nc7 16. Na2 Bxb2 17. Qxb2 Nxa2 18. Rxa2 b5 19. axb5 axb5 20. Qc2 bxc4 21. bxc4 Qc8 22. Kh2 Qb7 23. Nd3 Qb3 24. Rfa1 Qxc2 25. Rxc2 Rb7 26. Nxc5 Bf5 27. e4 dxc5 28. exf5 Rb6 29. Re2 e6 30. fxe6 fxe6 31. dxe6 Re8 32. Ra5 Rbxe6 33. Rxe6 Rxe6 34. Rxc5 Re7 35. Bd5+ Kg7 36. Ra5 Kf6 37. Ra2 Rd7 38. Rd2 g5 39. g4 1-0

[Event "Budapest-chT1 Lilienthal 1011"]
[Site "Budapest"]
[Date "2011.03.06"]
[Round "10"]
[White "Grimm, Daniel"]
[Black "Draga, Balazs"]
[Result "1/2-1/2"]
[WhiteElo "1879"]
[BlackElo "1905"]
[PlyCount "48"]
[EventDate "2010.09.19"]
[EventType "team-tourn"]
[EventRounds "11"]
[EventCountry "HUN"]
[SourceTitle "EXT 2020"]
[Source "ChessBase"]
[SourceDate "2019.10.17"]
[SourceVersion "1"]
[SourceVersionDate "2019.10.17"]
[SourceQuality "1"]
[WhiteTeam "Barcza GSC"]
[BlackTeam "Hid Unio"]
[WhiteTeamCountry "HUN"]
[BlackTeamCountry "HUN"]

1. e4 e6 2. d4 d5 3. Nc3 Nf6 4. Bg5 Bb4 5. e5 h6 6. Bd2 Nfd7 7. Qg4 Kf8 8. f4 a6 9. Nf3 c5 10. dxc5 Nc6 11. Bd3 Nxc5 12. 0-0 Nxd3 13. cxd3 Qb6+ 14. Kh1 g6 15. a3 Be7 16. Rab1 a5 17. Qh3 Kg7 18. f5 exf5 19. Nxd5 Qd8 20. Nxe7 Qxe7 21. Bc3 Rd8 22. d4 f4 23. Qh4 Qxh4 24. Nxh4 Nxd4 1/2-1/2

[Event "Budapest-chT1 Lilienthal 1011"]
[Site "Budapest"]
[Date "2010.11.14"]
[Round "4"]
[White "Dlauchy, Peter"]
[Black "Draga, Balazs"]
[Result "0-1"]
[WhiteElo "1881"]
[BlackElo "1905"]
[PlyCount "74"]
[EventDate "2010.09.19"]
[EventType "team-tourn"]
[EventRounds "11"]
[EventCountry "HUN"]
[SourceTitle "EXT 2020"]
[Source "ChessBase"]
[SourceDate "2019.10.17"]
[SourceVersion "1"]
[SourceVersionDate "2019.10.17"]
[SourceQuality "1"]
[WhiteTeam "Budapest Vasas II"]
[BlackTeam "Hid Unio"]
[WhiteTeamCountry "HUN"]
[BlackTeamCountry "HUN"]

1. e4 e6 2. d4 d5 3. e5 c5 4. c3 Nc6 5. Nf3 Qb6 6. Be2 cxd4 7. cxd4 Bb4+ 8. Kf1 f6 9. a3 Be7 10. Nc3 a6 11. g3 fxe5 12. dxe5 Qc7 13. Bf4 Bd7 14. Rc1 Qd8 15. Kg2 g5 16. Nxg5 Bxg5 17. Bh5+ Kf8 18. Qf3 Nd4 19. Qg4 Bxf4 20. Qxf4+ Nf5 21. h4 Nge7 22. g4 Rg8 23. Kf1 Kg7 24. gxf5 Nxf5 25. Ke2 Kh8 26. Rcg1 Rxg1 27. Rxg1 Qxh4 28. Qxh4 Nxh4 29. Rh1 Ng2 30. Bf3 Rg8 31. Bg4 Bc6 32. Bxe6 d4 33. Ne4 Re8 34. Bf7 Re7 35. Kd3 Rxf7 36. Kxd4 Nf4 37. Nf6 Bxh1 0-1

[Event "Budapest-chT1 Lilienthal 1011"]
[Site "Budapest"]
[Date "2010.10.03"]
[Round "2"]
[White "Zsembery, Aron"]
[Black "Draga, Balazs"]
[Result "1-0"]
[WhiteElo "1855"]
[BlackElo "1905"]
[PlyCount "101"]
[EventDate "2010.09.19"]
[EventType "team-tourn"]
[EventRounds "11"]
[EventCountry "HUN"]
[SourceTitle "EXT 2020"]
[Source "ChessBase"]
[SourceDate "2019.10.17"]
[SourceVersion "1"]
[SourceVersionDate "2019.10.17"]
[SourceQuality "1"]
[WhiteTeam "Penzugyor III"]
[BlackTeam "Hid Unio"]
[WhiteTeamCountry "HUN"]
[BlackTeamCountry "HUN"]

1. e4 e6 2. d4 d5 3. e5 c5 4. c3 Nc6 5. Nf3 cxd4 6. cxd4 Bb4+ 7. Bd2 Bxd2+ 8. Qxd2 f6 9. g3 f5 10. Nc3 a6 11. a3 h6 12. h4 h5 13. Be2 Nh6 14. 0-0 Nf7 15. Rac1 Bd7 16. Kg2 0-0 17. Ne1 g6 18. b4 Ncxe5 19. dxe5 Bc6 20. Qd4 f4 21. Nf3 fxg3 22. fxg3 Nh6 23. Bd3 Kg7 24. Ng5 Qe7 25. Rf4 Rxf4 26. gxf4 Nf5 27. Bxf5 gxf5 28. Rg1 Kh6 29. Kf2 Rc8 30. Qe3 Qd7 31. Qg3 d4 32. Nxe6 Qf7 33. Nxd4 Be8 34. Nxf5+ Kh7 35. Qg7+ Qxg7 36. Rxg7+ Kh8 37. Rg3 Rc4 38. Nd6 Rxf4+ 39. Ke3 Rf8 40. Nxe8 Rxe8 41. Ke4 a5 42. Nd5 axb4 43. axb4 Rc8 44. Rd3 Kg7 45. Rg3+ Kf7 46. Rf3+ Kg7 47. e6 Rc4+ 48. Ke5 Rxh4 49. e7 Rh1 50. e8Q Re1+ 51. Re3 1-0

[Event "HUN-chT2 Breyer 0910"]
[Site "Hungary"]
[Date "2010.03.21"]
[Round "8"]
[White "Zeman, Adrienn"]
[Black "Draga, Balazs"]
[Result "1-0"]
[WhiteElo "1915"]
[BlackElo "1842"]
[PlyCount "107"]
[EventDate "2009.11.08"]
[EventType "team-tourn"]
[EventRounds "11"]
[EventCountry "HUN"]
[SourceTitle "EXT 2011"]
[Source "ChessBase"]
[SourceDate "2010.11.26"]
[SourceVersion "1"]
[SourceVersionDate "2010.11.26"]
[SourceQuality "1"]
[WhiteTeam "MAFC"]
[BlackTeam "Zoltek"]
[WhiteTeamCountry "HUN"]
[BlackTeamCountry "HUN"]

1. e4 e6 2. d4 d5 3. exd5 exd5 4. Nc3 Nf6 5. Nf3 Be7 6. Bb5+ c6 7. Bd3 Bg4 8. 0-0 0-0 9. Bf4 Bd6 10. Bg5 Nbd7 11. h3 Bh5 12. Re1 Re8 13. Rxe8+ Qxe8 14. Be2 h6 15. Be3 Qe6 16. a3 Re8 17. Nd2 Bg6 18. Bf3 Bh7 19. Rc1 Ne4 20. Ncxe4 dxe4 21. Be2 Nb6 22. c4 Bb8 23. a4 Kh8 24. a5 Nd7 25. Qb3 Qd6 26. Nf1 c5 27. Rd1 cxd4 28. Bxd4 Qc7 29. Qc3 f6 30. Bg4 Ne5 31. Bxe5 Rxe5 32. Rd7 Qc8 33. Rxg7 Bf5 34. Bxf5 Rxf5 35. Rf7 Be5 36. Qb4 Kg8 37. Rxb7 Qf8 38. Ne3 Bd6 39. Qb3 Rc5 40. Rxa7 f5 41. Qb7 Rc7 42. Qd5+ Kh7 43. Ra8 Rc5 44. Rxf8 Rxd5 45. cxd5 Bxf8 46. Nxf5 Kg6 47. Ne3 Bc5 48. a6 Kf6 49. b4 Ba7 50. Nc4 Ke7 51. b5 Kd7 52. b6 Bxb6 53. Nxb6+ Kc7 54. a7 1-0

[Event "HUN-chT2 Breyer 0910"]
[Site "Hungary"]
[Date "2010.02.14"]
[Round "6"]
[White "Draga, Balazs"]
[Black "Labancz, Janos"]
[Result "1-0"]
[WhiteElo "1842"]
[BlackElo "1685"]
[PlyCount "105"]
[EventDate "2009.11.08"]
[EventType "team-tourn"]
[EventRounds "11"]
[EventCountry "HUN"]
[SourceTitle "EXT 2011"]
[Source "ChessBase"]
[SourceDate "2010.11.26"]
[SourceVersion "1"]
[SourceVersionDate "2010.11.26"]
[SourceQuality "1"]
[WhiteTeam "Zoltek"]
[BlackTeam "Biatorbagy"]
[WhiteTeamCountry "HUN"]
[BlackTeamCountry "HUN"]

1. c4 Nf6 2. Nc3 d5 3. cxd5 Nxd5 4. g3 Nxc3 5. bxc3 Bd7 6. Bg2 Bc6 7. Nf3 e6 8. 0-0 Be7 9. d4 0-0 10. Re1 Re8 11. e4 b6 12. Ne5 Bb7 13. Qh5 g6 14. Qf3 Bf6 15. Ng4 Bg7 16. Bh6 f5 17. Bxg7 fxg4 18. Qf6 Qxf6 19. Bxf6 Nd7 20. Bg5 Rf8 21. Bh6 Rf7 22. e5 Bxg2 23. Kxg2 Rf5 24. Re4 Rf3 25. Rc1 c5 26. Rxg4 Rd3 27. Kf1 a5 28. Ke2 c4 29. Re4 b5 30. Bd2 Rb8 31. Re3 Rxe3+ 32. fxe3 Nb6 33. e4 Kf7 34. Rf1+ Kg7 35. Rb1 Nd7 36. a3 Kf7 37. h4 Kg7 38. Bf4 Rb7 39. Bg5 Kf7 40. Bd8 a4 41. Ba5 Kg7 42. Bb4 Nb6 43. Rf1 Rf7 44. Rb1 Rb7 45. Bd6 Nc8 46. Bc5 h6 47. Rf1 Rf7 48. Rxf7+ Kxf7 49. d5 Ne7 50. Bxe7 Kxe7 51. Ke3 exd5 52. exd5 Kd7 53. Kd4 1-0